Efectos de la fecha de siembra sobre la calidad comercial de la cebada cervecera en el sudoeste bonaerense /

Guardado en:
Autor Principal: Enrique, Andrés Damián.
Autor Corporativo: Universidad Nacional del Sur. Departamento de Agronomía.
Otros Autores: Miravalles, Marta, (tutor.)
Formato: Libro
Idioma:Spanish
Publicado: Bahía Blanca, 2017.
Materias:
Etiquetas: Agregar Etiqueta
Sin Etiquetas, Sea el primero en etiquetar este registro!
LEADER 00832nam a22001815a 4500
001 EEA.libagro010873
005 20181010083955.0
008 170703s2017####ag############000#0#spa#d
082 0 4 |a 633.16 
100 1 |a Enrique, Andrés Damián. 
245 1 0 |a Efectos de la fecha de siembra sobre la calidad comercial de la cebada cervecera en el sudoeste bonaerense /  |c Andrés Damián Enrique. 
260 |a Bahía Blanca,  |c 2017. 
300 |a 37 h. :  |b il. col. ;  |c 30 cm. 
500 |a Trabajo de intensificación (Ingeniero Agrónomo) -- Universidad Nacional del Sur. Departamento de Agronomía, 2017. 
650 7 |a Cebada cervecera  |z Buenos Aires (Argentina : Provincia)  |2 agrovoc 
700 1 |a Miravalles, Marta,  |e tutor. 
710 2 |a Universidad Nacional del Sur.  |b Departamento de Agronomía. 
859 |a AR-BbBCA  |b BIB. AGRONOMIA  |h 633.16  |i E59  |p 2017/6806